[Event "FRA-chT U20 0809"]
[Site "Sautron"]
[Date "2009.01.03"]
[Round "5.9"]
[White "Delale, Vincent"]
[Black "Girande, Alexandre"]
[Result "1/2-1/2"]
[WhiteElo "1190"]
[BlackElo "1180"]
[PlyCount "65"]
[EventDate "2008.10.??"]
[EventType "team-tourn"]
[EventRounds "11"]
[EventCountry "FRA"]
[SourceTitle "EXT 2010"]
[Source "ChessBase"]
[SourceDate "2010.11.25"]
[SourceVersion "1"]
[SourceVersionDate "2010.11.25"]
[SourceQuality "1"]

1. c4 e6 2. Nc3 d5 3. c5 Bxc5 4. g3 Ne7 5. Bg2 0-0 6. e3 Nbc6 7. Nge2 Re8 8. 0-0 b6 9. d4 Bb4 10. a3 Bxc3 11. Nxc3 Bb7 12. e4 Qd7 13. Bf4 Rad8 14. Qc2 Nxd4 15. Qd3 Ndc6 16. Rad1 d4 17. Nb5 Ba6 18. Qb3 Na5 19. Qa2 Bxb5 20. Rfe1 Bc4 21. Qb1 Ng6 22. Bg5 Rb8 23. Bd2 d3 24. e5 Nb3 25. Bf1 Nxd2 26. Rxd2 Qc6 27. Bg2 Bd5 28. f3 Qc5+ 29. Kh1 Qc6 30. Rxd3 Bc4 31. Rc3 Qd5 32. Qc1 Bb3 33. Bf1 1/2-1/2

[Event "FRA-chT U20 0809"]
[Site "Sautron"]
[Date "2009.01.02"]
[Round "6.10"]
[White "Meunier, Clement"]
[Black "Delale, Vincent"]
[Result "1-0"]
[WhiteElo "1770"]
[BlackElo "1190"]
[PlyCount "57"]
[EventDate "2008.10.??"]
[EventType "team-tourn"]
[EventRounds "11"]
[EventCountry "FRA"]
[SourceTitle "EXT 2010"]
[Source "ChessBase"]
[SourceDate "2010.11.25"]
[SourceVersion "1"]
[SourceVersionDate "2010.11.25"]
[SourceQuality "1"]

1. d4 c6 2. Bf4 d5 3. e3 g6 4. c4 dxc4 5. Bxc4 Bg7 6. Nc3 Nf6 7. Nf3 0-0 8. 0-0 Bg4 9. h3 Bf5 10. Qb3 b6 11. Ne5 e6 12. g4 Be4 13. Bg5 Qe7 14. Bxf6 Bxf6 15. Nxe4 Bg7 16. f4 Qh4 17. Kg2 b5 18. Bxe6 fxe6 19. Qxe6+ Kh8 20. Nf7+ Rxf7 21. Qxf7 Na6 22. Qb7 Qd8 23. Nd6 Qxd6 24. Qxa8+ Bf8 25. Rac1 Nb4 26. a3 Nd5 27. Rfe1 Kg7 28. Rxc6 Qe7 29. Rc7 1-0